Authoritarian regimes - Statistics

General Stats
  • This quiz has been taken 58 times
  • The average score is 47 of 59
Answer Stats
Country % Correct
Russia
100%
Afghanistan
94%
Belarus
91%
Egypt
91%
Iran
91%
Iraq
91%
Laos
91%
North Korea
91%
Saudi Arabia
91%
Syria
91%
Uzbekistan
91%
Venezuela
91%
Kazakhstan
89%
Turkmenistan
89%
Algeria
87%
Cambodia
87%
Cuba
87%
Libya
87%
Vietnam
87%
China
85%
Democratic Republic of the Congo
85%
Kyrgyzstan
85%
Oman
85%
Qatar
85%
Sudan
85%
Tajikistan
85%
Yemen
85%
Bahrain
83%
Lebanon
83%
Myanmar
83%
United Arab Emirates
83%
Azerbaijan
81%
Haiti
81%
Kuwait
81%
Niger
81%
Republic of the Congo
79%
Angola
77%
Eritrea
77%
Ethiopia
77%
Nicaragua
77%
Zimbabwe
77%
Guinea
74%
Mali
74%
Mozambique
74%
Chad
72%
Jordan
72%
Central African Republic
70%
Burkina Faso
68%
Equatorial Guinea
68%
Rwanda
66%
Togo
66%
Djibouti
64%
Guinea-Bissau
64%
Burundi
62%
Eswatini
62%
Gabon
62%
Cameroon
57%
Comoros
51%
Palestine
45%
No matching quizzes found
Score Distribution
Percent of People with Each Score
Percentile by Number Answered
Your Score History
You have not taken this quiz